000 01944nam a2200241Ia 4500
008 220216s9999 xx 000 0 und d
100 _aLow F C
245 4 _aThe development of molecular markers for Hevea breeding
260 _bIRRDB symposium on physiological and molecular aspects of the breeding of Hevea brasiliensis 6-7 November 1995
_c1995
300 _a18-Aug
520 _aFour DNA molecular marker techiques are described. These are the classical hybridisation-based molecular marker technique called restriction fragment length polymorphisms (RFLPs) and three in vitro amplification-based techniques,namely random amplified polymorphic DNA (RAPD), microsatellites or simple sequence repeats (SSRs) and DNA amplification fingerprinting (DAF). These molecular markers were able to elicit interspecific polymorphisms. They were also able to assist in sveral identification studies. Cultivars wich share two common parents (siblings), such as PR 255 and PR 261 ; RRIM 901 and RRIM 905 ; and RRIM 937 and RRIM 938, have been distinguished by their DNA polymorphisms. Similarly, molecular markers have assisted in the identification of rouges in a sample of monoclonal PB 5/51 seedilings. The genetic diversity of genotypes from the 1981 IRRDB Hevea germplasm collectio from Brazil was also demonstrated by their RFLPs. DNA fingerprinting techniques such as SSR and DAF have elicited somaclonal variants among a population of GL 1 plants derived from anther and ovule culture. A genetic linkage map comprising of RFLPs and other markers is being attempted. The strength and limitations of these marker techniques are discussed and compared.
650 _aBreeding
650 _aDNA fingerprinting
650 _aHevea
650 _amolecular markers
650 _aRAPD
650 _aRFLP
650 _aSimple sequence repeats (SSRs)
700 _aAtan Safiah
700 _aJaafar Hafsah
700 _aTan H
942 _cJS
999 _c70573
_d70573